00714 a2200205 4500010001400000020002300014035001300037037001600050082001100066090001700077100001900094245008500113260004200198270004400240300002900284500002000313942002600333999001700359952013200376 aENG-90171 c750.00a8189131142 aEN-73704 bDBAD / PUB14a954.35 c12729d127291 aReddy, R. Soma1 aStudies in the socio-economic history of medieval Andhra Desa/cby R. Soma Reddy aNew DelhibResearch India Pressc2007 aE-6/34, Sangam ViharbNew Delhie110062 axxi, 187p.c22 cm. (Hb) aIncludes index. adplcENk954.35 / RED c12366d12366 00102ddc40718NFICaDBADbDBADeDBAD/PUBg750.00l0o954.35pEN-73704r2008-09-15 00:00:00t1u13572v750.00w2008-09-15yEN